[Event "Malopolska-ch"]
[Site "Krakow"]
[Date "2025.06.21"]
[Round "6"]
[White "Sygulski, Piotr"]
[Black "Chernov, Vadim A"]
[Result "0-1"]
[WhiteElo "2204"]
[BlackElo "2296"]
[PlyCount "74"]
[EventDate "2025.06.19"]
[EventType "swiss"]
[EventRounds "7"]
[EventCountry "POL"]
[SourceTitle "CB26_2025"]
[SourceDate "2025.06.25"]
[SourceVersion "1"]
[SourceVersionDate "2025.06.25"]
[SourceQuality "1"]

1. d4 Nf6 2. c4 e6 3. g3 d5 4. Bg2 Nc6 5. Nf3 Bd6 6. 0-0 0-0 7. Nc3 dxc4 8. Bg5 h6 9. Bxf6 Qxf6 10. Rc1 e5 11. Ne4 Qe7 12. Rxc4 exd4 13. Nxd4 Nxd4 14. Rxd4 Be5 15. Rd2 Bf5 16. Qa4 c6 17. Rfd1 Rfd8 18. h3 Rxd2 19. Rxd2 Re8 20. Kf1 b5 21. Qa6 Bxe4 22. Bxe4 Bf4 23. Rd4 Be5 24. Rd2 Bxg3 25. Bf3 Bxf2 26. Qxc6 Bb6 27. Rd3 Qe5 28. Ke1 Re6 29. Qc8+ Kh7 30. Qc2 Qg3+ 31. Kd2 Qg5+ 32. Kc3 g6 33. Kb3 Qh4 34. e4 Qxh3 35. Qc8 Qf1 36. Qd7 Kg7 37. Qxb5 Be3 0-1

[Event "Groninger Combinatie op"]
[Site "Groningen"]
[Date "2025.06.01"]
[Round "7"]
[White "Chernov, Vadim A"]
[Black "Knol, Geon"]
[Result "1-0"]
[WhiteElo "2296"]
[BlackElo "2063"]
[PlyCount "131"]
[EventDate "2025.05.29"]
[EventType "swiss"]
[EventRounds "7"]
[EventCountry "NED"]
[SourceTitle "CB23_2025"]
[SourceDate "2025.06.04"]
[SourceVersion "1"]
[SourceVersionDate "2025.06.04"]
[SourceQuality "1"]

1. e4 e5 2. Nf3 Nf6 3. Nxe5 Nc6 4. d4 Nxe4 5. Bd3 d5 6. Nxc6 bxc6 7. 0-0 Bd6 8. c4 Qh4 9. g3 Qh3 10. Qf3 f5 11. Nc3 0-0 12. Bf4 Ba6 13. Bxd6 cxd6 14. Rfd1 Bxc4 15. Bxc4 dxc4 16. Nxe4 fxe4 17. Qxe4 d5 18. Qg2 Qf5 19. f4 Rfe8 20. Re1 Qd3 21. Qf2 Rxe1+ 22. Rxe1 Rb8 23. Kg2 h6 24. h4 c3 25. bxc3 Qxc3 26. Re2 Rb4 27. Rd2 a5 28. f5 Rb8 29. Re2 Rf8 30. Re5 a4 31. g4 Qc1 32. Re1 Qc3 33. Re2 Qd3 34. Qe3 Qxe3 35. Rxe3 h5 36. Kg3 hxg4 37. Kxg4 Rb8 38. Kf4 Rb2 39. Ra3 Rb4 40. Ke5 Rc4 41. Rg3 Kh7 42. Rg2 Rc3 43. Kd6 a3 44. h5 Rf3 45. Kxc6 Rxf5 46. Rg3 Rxh5 47. Rxa3 Rf5 48. Rh3+ Kg6 49. a4 Kf6 50. a5 Rf4 51. a6 Rxd4 52. Ra3 Rc4+ 53. Kxd5 Rc8 54. a7 Ra8 55. Kc6 Kf5 56. Kb7 Rxa7+ 57. Rxa7 g5 58. Kc6 Ke4 59. Rg7 Kf4 60. Kd5 g4 61. Kd4 Kf3 62. Kd3 g3 63. Rf7+ Kg2 64. Ke3 Kg1 65. Kf3 g2 66. Kg3 1-0

[Event "Helmond Rapid op"]
[Site "Helmond"]
[Date "2025.05.03"]
[Round "2"]
[White "Chernov, Vadim A"]
[Black "Pol, Nico"]
[Result "1-0"]
[WhiteElo "2296"]
[BlackElo "1841"]
[PlyCount "39"]
[EventDate "2025.05.03"]
[EventType "swiss (rapid)"]
[EventRounds "9"]
[EventCountry "NED"]
[SourceTitle "CB19_2025"]
[SourceDate "2025.05.07"]
[SourceVersion "1"]
[SourceVersionDate "2025.05.07"]
[SourceQuality "1"]

1. e4 d5 2. exd5 Qxd5 3. Nc3 Qa5 4. d4 e5 5. Nf3 Bg4 6. Bb5+ c6 7. Be2 Bxf3 8. Bxf3 exd4 9. Qxd4 Nd7 10. 0-0 0-0-0 11. Bf4 Ndf6 12. Qc4 Ne7 13. Qxf7 Qf5 14. Bg3 Rd7 15. Qc4 h5 16. Rad1 g5 17. Rxd7 Nxd7 18. Re1 Qc5 19. Qf7 Qf5 20. Rxe7 1-0

[Event "Lagos op 2nd"]
[Site "Lagos"]
[Date "2024.11.01"]
[Round "8"]
[White "Soham, Datar"]
[Black "Chernov, Vadim A"]
[Result "0-1"]
[WhiteElo "2188"]
[BlackElo "2258"]
[PlyCount "120"]
[EventDate "2024.10.26"]
[EventType "swiss"]
[EventRounds "9"]
[EventCountry "POR"]
[SourceTitle "CB45_2024"]
[Source "ChessBase"]
[SourceDate "2024.11.06"]
[SourceVersion "1"]
[SourceVersionDate "2024.11.06"]
[SourceQuality "1"]

1. e4 c5 2. Nf3 e6 3. Nc3 Nc6 4. d4 cxd4 5. Nxd4 Nf6 6. a3 Be7 7. Be3 0-0 8. f4 e5 9. fxe5 Nxe5 10. Nf3 d6 11. Be2 Be6 12. h3 Nxf3+ 13. Bxf3 Nd7 14. 0-0 Bg5 15. Bf2 Ne5 16. b3 a6 17. Be2 Qc7 18. Nd5 Bxd5 19. exd5 Qc3 20. Kh1 Be3 21. Be1 Qc7 22. c4 Qe7 23. Ra2 f5 24. b4 b6 25. Qb3 f4 26. Rc2 Kh8 27. Bf3 Qg5 28. Bc3 Rfe8 29. Bxe5 Qxe5 30. Qd3 a5 31. Re2 axb4 32. axb4 Ra1 33. Ree1 Rea8 34. Bd1 R1a3 35. Qe2 Rc3 36. Bc2 g6 37. Bb1 Rc8 38. Ba2 h5 39. Bb1 Kg7 40. Ba2 Kh6 41. Rd1 Qe4 42. Rc1 f3 43. gxf3 Qh4 44. Ra1 Qxh3+ 45. Qh2 Qxh2+ 46. Kxh2 Bf4+ 47. Kh1 Ra8 48. c5 bxc5 49. bxc5 Rca3 50. c6 Rxa2 51. Rxa2 Rxa2 52. Re1 Rc2 53. Re6 h4 54. Re7 h3 55. Re1 Kg5 56. Kg1 Kh4 57. Kh1 g5 58. Rf1 Kg3 59. Rg1+ Kxf3 60. Rf1+ Ke4 0-1

[Event "Lagos op 2nd"]
[Site "Lagos"]
[Date "2024.10.30"]
[Round "6"]
[White "Chernov, Vadim A"]
[Black "Sijpkens, Michiel"]
[Result "1-0"]
[WhiteElo "2258"]
[BlackElo "2136"]
[PlyCount "63"]
[EventDate "2024.10.26"]
[EventType "swiss"]
[EventRounds "9"]
[EventCountry "POR"]
[SourceTitle "CB45_2024"]
[Source "ChessBase"]
[SourceDate "2024.11.06"]
[SourceVersion "1"]
[SourceVersionDate "2024.11.06"]
[SourceQuality "1"]

1. e4 c6 2. d4 d5 3. e5 Bf5 4. h4 h5 5. Bd3 Bxd3 6. Qxd3 Qa5+ 7. b4 Qxb4+ 8. Nd2 e6 9. Rb1 Qa4 10. Rxb7 c5 11. c4 Qa6 12. Qb1 Nc6 13. cxd5 Nb4 14. Rxb4 cxb4 15. d6 Rc8 16. Nb3 Bxd6 17. exd6 Qxd6 18. Ne2 Nf6 19. Bf4 Qd5 20. 0-0 Ne4 21. Nc5 Nxc5 22. dxc5 e5 23. Rd1 Qe6 24. Nd4 Qg4 25. Bxe5 Rxc5 26. Bd6 Rd5 27. Re1+ Kd7 28. Qxb4 Rxd6 29. Qb7+ Kd8 30. Qe7+ Kc8 31. Rc1+ Kb8 32. Qxd6+ 1-0

[Event "Arad op 17th"]
[Site "Arad"]
[Date "2024.08.11"]
[Round "9"]
[White "Chernov, Vadim A"]
[Black "Krstulovic, Alex"]
[Result "0-1"]
[WhiteElo "2251"]
[BlackElo "2446"]
[PlyCount "56"]
[EventDate "2024.08.05"]
[EventType "swiss"]
[EventRounds "9"]
[EventCountry "ROU"]
[SourceTitle "CBM 221 Extra"]
[Source "ChessBase"]
[SourceDate "2024.09.30"]
[SourceVersion "1"]
[SourceVersionDate "2024.09.30"]
[SourceQuality "1"]

1. e4 c5 2. Nf3 e6 3. d4 cxd4 4. Nxd4 Nf6 5. Nc3 d6 6. g4 Be7 7. g5 Nfd7 8. h4 a6 9. Be3 b5 10. a4 b4 11. Na2 Bb7 12. Bg2 Nc5 13. Qg4 Nxa4 14. 0-0-0 Nd7 15. h5 Nac5 16. g6 Nf6 17. gxf7+ Kxf7 18. Qe2 Qa5 19. Kb1 Ncxe4 20. Nb3 Qb5 21. Qe1 a5 22. f3 Nc5 23. h6 Nxb3 24. hxg7 Rhc8 25. cxb3 Qf5+ 26. Ka1 a4 27. Bh3 Qxf3 28. Bd4 Be4 0-1

[Event "Arad op 17th"]
[Site "Arad"]
[Date "2024.08.07"]
[Round "4"]
[White "Chernov, Vadim A"]
[Black "Rozen, Eytan"]
[Result "0-1"]
[WhiteElo "2251"]
[BlackElo "2478"]
[PlyCount "164"]
[EventDate "2024.08.05"]
[EventType "swiss"]
[EventRounds "9"]
[EventCountry "ROU"]
[SourceTitle "CBM 221 Extra"]
[Source "ChessBase"]
[SourceDate "2024.09.30"]
[SourceVersion "1"]
[SourceVersionDate "2024.09.30"]
[SourceQuality "1"]

1. e4 c5 2. g3 d5 3. exd5 Qxd5 4. Nf3 Bg4 5. Bg2 Qe6+ 6. Kf1 Nc6 7. h3 Bf5 8. Nc3 Qd7 9. Nh4 Be6 10. Ne4 b6 11. d3 g6 12. a4 Bg7 13. a5 Rc8 14. axb6 axb6 15. Kg1 Nf6 16. Kh2 0-0 17. Nxf6+ Bxf6 18. Nf3 Bd5 19. Re1 Rfe8 20. h4 Bg7 21. Bh3 f5 22. h5 e5 23. Nh4 Nd4 24. Bg5 h6 25. Be3 g5 26. Bxd4 gxh4 27. Bc3 Kh8 28. gxh4 Qe7 29. Rg1 Qxh4 30. Qe2 Bf6 31. Rg6 Qf4+ 32. Kg1 Rg8 33. Qe3 Qxe3 34. fxe3 Bf7 35. Bxf5 Bxg6 36. Bxg6 Ra8 37. Rf1 Bg7 38. Rf7 Rgf8 39. Re7 Ra1+ 40. Kg2 Rc1 41. Rb7 Rxc2+ 42. Kg3 Re2 43. e4 Re3+ 44. Kg2 Rxd3 45. Rxb6 Rdf3 46. Rc6 Rf2+ 47. Kg3 R8f3+ 48. Kg4 Rf4+ 49. Kg3 R4f3+ 50. Kg4 Rd3 51. Rc8+ Rf8 52. Rxf8+ Bxf8 53. Kf5 Bd6 54. Bf7 Kg7 55. Ke6 Bb8 56. Bg6 Kf8 57. Bf5 Bd6 58. Bg4 Bb8 59. Bf5 Bc7 60. Kf6 Rd1 61. Kg6 Rd6+ 62. Kh7 Rb6 63. Bg6 Ke7 64. Kg7 Bd6 65. Bd2 Rb7 66. Bxh6 Ke6+ 67. Kg8 Rb8+ 68. Kh7 Rxb2 69. Bg5 Rb7+ 70. Kg8 Rb8+ 71. Kh7 Be7 72. Bf5+ Kd6 73. Bd2 Rb2 74. Bc3 Rb3 75. Ba5 c4 76. Kg7 Bg5 77. h6 Bxh6+ 78. Kxh6 c3 79. Kg5 c2 80. Bd2 Rb1 81. Kf6 c1Q 82. Bxc1 Rxc1 0-1

[Event "Malopolska-ch"]
[Site "Krakow"]
[Date "2024.05.31"]
[Round "4"]
[White "Chernov, Vadim A"]
[Black "Kujawski, Adam"]
[Result "1/2-1/2"]
[WhiteElo "2259"]
[BlackElo "2114"]
[PlyCount "115"]
[EventDate "2024.05.30"]
[EventType "swiss"]
[EventRounds "7"]
[EventCountry "POL"]
[SourceTitle "EXT 2025"]
[Source "ChessBase"]
[SourceDate "2024.10.14"]
[SourceVersion "1"]
[SourceVersionDate "2024.10.14"]
[SourceQuality "1"]

1. e4 e5 2. Nf3 Nc6 3. Bb5 a6 4. Bxc6 dxc6 5. 0-0 Bg4 6. h3 h5 7. d3 Qf6 8. Nbd2 Ne7 9. Re1 Ng6 10. d4 Bd6 11. hxg4 hxg4 12. Nh2 Rxh2 13. Qxg4 Rh4 14. Qf5 exd4 15. Nf3 Rh7 16. Bg5 Qe6 17. Qxe6+ fxe6 18. Nxd4 c5 19. Nf3 Ne5 20. Kf1 Kd7 21. Ke2 Rah8 22. Rad1 Kc6 23. Be3 Nxf3 24. gxf3 Rh3 25. Rg1 Rf8 26. Rxg7 Rhxf3 27. Rg6 R3f6 28. Rdg1 Be5 29. b3 Bd4 30. Rxf6 Rxf6 31. Rg8 e5 32. Rd8 Re6 33. Bd2 Rf6 34. Be1 c4 35. bxc4 Rh6 36. c3 Bc5 37. Rd5 Rh4 38. Kd3 Rh1 39. Bd2 Bxf2 40. Rxe5 Bc5 41. Re6+ Kd7 42. Rg6 Ra1 43. Bf4 Rxa2 44. Rg7+ Kc6 45. Rxc7+ Kb6 46. Rc8 Rf2 47. Bc7+ Ka7 48. Bb8+ Kb6 49. Ba7+ Kxa7 50. Rxc5 Kb6 51. Rf5 Rh2 52. e5 Kc5 53. Rf3 a5 54. Re3 Rh7 55. e6 Re7 56. Re5+ Kd6 57. Kd4 Rxe6 58. Rxa5 1/2-1/2

[Event "Karlsruhe Grenke op"]
[Site "Karlsruhe"]
[Date "2024.04.01"]
[Round "9"]
[White "Chernov, Vadim A"]
[Black "Eugene, Floryan"]
[Result "0-1"]
[WhiteElo "2255"]
[BlackElo "2422"]
[PlyCount "44"]
[EventDate "2024.03.28"]
[EventType "swiss"]
[EventRounds "9"]
[EventCountry "GER"]
[SourceTitle "EXT 2025"]
[Source "ChessBase"]
[SourceDate "2024.10.14"]
[SourceVersion "1"]
[SourceVersionDate "2024.10.14"]
[SourceQuality "1"]

1. e4 c5 2. Nf3 Nc6 3. Bb5 Nf6 4. Nc3 Qc7 5. 0-0 Nd4 6. Re1 a6 7. Bc4 Ng4 8. e5 h5 9. Nd5 Qc6 10. Nxd4 cxd4 11. d3 e6 12. Nf4 d6 13. exd6 Bxd6 14. h3 Ne5 15. Nxh5 b5 16. Bb3 Bb7 17. Nxg7+ Kd7 18. Re4 Rag8 19. Nxe6 fxe6 20. Bf4 Rh4 21. f3 Rxf4 22. Rxf4 Nxf3+ 0-1

[Event "Oberliga Baden 2324"]
[Site "Germany"]
[Date "2024.01.14"]
[Round "5.3"]
[White "Jaeggi, Dorian"]
[Black "Chernov, Vadim A"]
[Result "1/2-1/2"]
[WhiteElo "2335"]
[BlackElo "2276"]
[PlyCount "49"]
[EventDate "2023.09.17"]
[EventType "team-tourn"]
[EventRounds "9"]
[EventCountry "GER"]
[SourceTitle "EXT 2025"]
[Source "ChessBase"]
[SourceDate "2024.10.14"]
[SourceVersion "1"]
[SourceVersionDate "2024.10.14"]
[SourceQuality "1"]
[WhiteTeam "Brombach"]
[BlackTeam "Ladenburg"]
[WhiteTeamCountry "GER"]
[BlackTeamCountry "GER"]

1. e4 c5 2. Nf3 e6 3. d4 cxd4 4. Nxd4 Nf6 5. Nc3 Nc6 6. Ndb5 Bb4 7. a3 Bxc3+ 8. Nxc3 d5 9. exd5 exd5 10. Bd3 0-0 11. 0-0 Bg4 12. f3 Bh5 13. Bg5 Qb6+ 14. Kh1 Ne4 15. Nxe4 dxe4 16. Bxe4 Qxb2 17. Rb1 Qxa3 18. Rxb7 Qa6 19. Rc7 Rac8 20. Rxc8 Rxc8 21. Qa1 Qxa1 22. Rxa1 Bg6 23. Bxc6 Rxc6 24. Rxa7 h6 25. Bf4 1/2-1/2

[Event "Oberliga Baden 2324"]
[Site "Germany"]
[Date "2023.09.17"]
[Round "1.2"]
[White "Chernov, Vadim A"]
[Black "Arnold, Max"]
[Result "1/2-1/2"]
[WhiteElo "2276"]
[BlackElo "2317"]
[PlyCount "31"]
[EventDate "2023.09.17"]
[EventType "team-tourn"]
[EventRounds "9"]
[EventCountry "GER"]
[SourceTitle "EXT 2025"]
[Source "ChessBase"]
[SourceDate "2024.10.14"]
[SourceVersion "1"]
[SourceVersionDate "2024.10.14"]
[SourceQuality "1"]
[WhiteTeam "Ladenburg"]
[BlackTeam "Ettlingen"]
[WhiteTeamCountry "GER"]
[BlackTeamCountry "GER"]

1. e4 c5 2. g3 Nc6 3. Bg2 e6 4. d3 d5 5. Nd2 Nf6 6. Ngf3 Be7 7. 0-0 0-0 8. c3 b5 9. exd5 Nxd5 10. a4 b4 11. c4 Nc7 12. Nb3 Bb7 13. Be3 Na6 14. d4 cxd4 15. Nfxd4 Qc8 16. Qe2 1/2-1/2

[Event "Bautzen op 2nd"]
[Site "Bautzen"]
[Date "2023.08.13"]
[Round "9"]
[White "Chernov, Vadim A"]
[Black "Lortkipanidze, Nodar"]
[Result "1/2-1/2"]
[WhiteElo "2281"]
[BlackElo "2382"]
[PlyCount "91"]
[EventDate "2023.08.08"]
[EventType "swiss"]
[EventRounds "9"]
[EventCountry "GER"]
[SourceTitle "EXT 2024"]
[Source "ChessBase"]
[SourceDate "2023.10.10"]
[SourceVersion "1"]
[SourceVersionDate "2023.10.10"]
[SourceQuality "1"]

1. e4 e5 2. Nf3 Nc6 3. Bb5 a6 4. Bxc6 dxc6 5. Nc3 h6 6. d4 exd4 7. Qxd4 Qxd4 8. Nxd4 Bd7 9. Be3 0-0-0 10. h4 Re8 11. f3 f5 12. Kf2 fxe4 13. Nxe4 Be7 14. h5 Nf6 15. Nxf6 Bxf6 16. c3 Re5 17. Rae1 c5 18. Nb3 b6 19. Nd2 Be8 20. g4 Bc6 21. Bf4 Rd5 22. Ne4 Rf8 23. Nxf6 Rxf6 24. Kg3 Rd7 25. Re5 Rdf7 26. Rf5 Rxf5 27. gxf5 Rxf5 28. Re1 Rf7 29. Re3 Bd5 30. a3 Kd7 31. Be5 Rf5 32. f4 Rxh5 33. Bxg7 Rh1 34. Be5 h5 35. f5 Rf1 36. f6 c4 37. Bd4 c5 38. Re7+ Kc6 39. Be5 Rf5 40. a4 Bg8 41. Kh4 b5 42. axb5+ axb5 43. Bg3 b4 44. Rc7+ Kd5 45. Rg7 Be6 46. Rg5 1/2-1/2

[Event "Bautzen op 2nd"]
[Site "Bautzen"]
[Date "2023.08.11"]
[Round "7"]
[White "Chernov, Vadim A"]
[Black "Tschernatsch, Johannes"]
[Result "1-0"]
[WhiteElo "2281"]
[BlackElo "2319"]
[PlyCount "101"]
[EventDate "2023.08.08"]
[EventType "swiss"]
[EventRounds "9"]
[EventCountry "GER"]
[SourceTitle "EXT 2024"]
[Source "ChessBase"]
[SourceDate "2023.10.10"]
[SourceVersion "1"]
[SourceVersionDate "2023.10.10"]
[SourceQuality "1"]

1. e4 c5 2. Nf3 d6 3. Bb5+ Nd7 4. d4 cxd4 5. Qxd4 a6 6. Bxd7+ Bxd7 7. Nc3 e5 8. Qd3 h6 9. Nd2 Nf6 10. Nc4 Qc7 11. Ne3 Rc8 12. a4 Be6 13. 0-0 Be7 14. Rd1 0-0 15. Bd2 Qc5 16. Be1 Rfd8 17. a5 Rd7 18. Na4 Qc6 19. Nb6 Rcd8 20. Ned5 Bxd5 21. exd5 Qc7 22. c4 Re8 23. Nxd7 Nxd7 24. b4 Bf6 25. Qe4 g6 26. Rac1 Bg7 27. c5 f5 28. Qc4 e4 29. cxd6 Qxd6 30. Qc7 Be5 31. Qxd6 Bxd6 32. b5 axb5 33. Rb1 b6 34. Rxb5 bxa5 35. Rxa5 Kf7 36. Ra7 Re7 37. Ra6 Bc5 38. Bd2 Ne5 39. Ra5 Bd6 40. Bxh6 Ng4 41. Bg5 Bxh2+ 42. Kf1 Rb7 43. g3 e3 44. d6 Bxg3 45. d7 Bc7 46. Rc5 Bb6 47. Rb5 Nh2+ 48. Ke2 exf2 49. Rxb6 f1Q+ 50. Rxf1 Rxd7 51. Rh1 1-0

[Event "Baden Baden op"]
[Site "Baden-Baden"]
[Date "2023.02.20"]
[Round "7"]
[White "Koellner, Aaron Noah"]
[Black "Chernov, Vadim A"]
[Result "0-1"]
[WhiteElo "2164"]
[BlackElo "2274"]
[PlyCount "54"]
[EventDate "2023.02.17"]
[EventType "swiss"]
[EventRounds "9"]
[EventCountry "GER"]
[SourceTitle "CBM 212 Extra"]
[Source "ChessBase"]
[SourceDate "2023.03.31"]
[SourceVersion "1"]
[SourceVersionDate "2023.03.31"]
[SourceQuality "1"]

1. d4 g6 2. e4 Bg7 3. Nc3 c6 4. Be3 Qb6 5. Bc4 Qxb2 6. Nge2 d5 7. Rb1 Qa3 8. exd5 Nf6 9. dxc6 bxc6 10. Bf4 Nbd7 11. 0-0 0-0 12. Qd2 Nb6 13. Bd3 Be6 14. Ne4 Nxe4 15. Bxe4 Rac8 16. Bh6 Rfd8 17. Qg5 Bf6 18. Qf4 Bc4 19. Rfe1 Bxe2 20. Rxe2 Rxd4 21. h4 Rcd8 22. Rbe1 Nd5 23. Qg4 Nc3 24. Re3 Qa5 25. h5 Nxe4 26. hxg6 hxg6 27. Rxe4 Qxe1+ 0-1

[Event "Baden-Baden Autumn op"]
[Site "Baden-Baden"]
[Date "2022.11.03"]
[Round "1"]
[White "Chernov, Vadim A"]
[Black "Kone, Colin"]
[Result "1-0"]
[WhiteElo "2270"]
[BlackElo "1831"]
[PlyCount "113"]
[EventDate "2022.11.03"]
[EventType "swiss"]
[EventRounds "7"]
[EventCountry "GER"]
[SourceTitle "EXT 2024"]
[Source "ChessBase"]
[SourceDate "2023.10.10"]
[SourceVersion "1"]
[SourceVersionDate "2023.10.10"]
[SourceQuality "1"]

1. e4 c6 2. d4 d5 3. e5 c5 4. c4 e6 5. Nf3 Nc6 6. Nc3 cxd4 7. Nxd4 Bb4 8. Nxc6 bxc6 9. Qa4 Qb6 10. Be3 d4 11. Bxd4 Qxd4 12. Qxb4 Qxe5+ 13. Be2 Rb8 14. Qa3 Nf6 15. 0-0 c5 16. Bf3 0-0 17. Rad1 Bb7 18. Rfe1 Qg5 19. Bxb7 Rxb7 20. b3 h6 21. Qa6 Rd7 22. Rxd7 Nxd7 23. Qd6 Nf6 24. Rd1 Qh5 25. h3 Qf5 26. Qd3 Qe5 27. Na4 Nh5 28. Qe3 Qxe3 29. fxe3 Ng3 30. Nxc5 Ne2+ 31. Kf2 Nc3 32. Rc1 Nxa2 33. Ra1 Nb4 34. Rxa7 Rd8 35. Ke2 Nc6 36. Rc7 Ne5 37. Ne4 Ra8 38. Nd2 Ra2 39. b4 Rb2 40. b5 Kh7 41. e4 Kg6 42. Ke3 Kf6 43. Nf3 Rb3+ 44. Kd4 Rd3+ 45. Kc5 Nxf3 46. gxf3 Rxf3 47. b6 Ke5 48. b7 Rb3 49. Rxf7 g5 50. Kc6 Kxe4 51. Rf8 Rxb7 52. Kxb7 Kd4 53. Rc8 h5 54. c5 g4 55. hxg4 hxg4 56. c6 g3 57. Rg8 1-0